| 000 | 01074cab a2200301 4500 | ||
|---|---|---|---|
| 001 | ABS53911 | ||
| 008 | 090401t1995 xxu||||| |||| 00| 0 eng d | ||
| 035 | _a(Sirsi) u7350 | ||
| 041 | _aeng | ||
| 100 | _aByrne, P. | ||
| 245 | _aIs there a place for property in the multi-asset portfolio? | ||
| 260 | _c1995 | ||
| 350 | _a0 | ||
| 490 |
_aJournal of Property Finance _v6(3) October 1995, 60-83(24) |
||
| 520 | _aA study on the benefits of property investments, especially when combined with other assests to form a multi-asset portfolio. Compares the performance of property with equities, bonds and cash. Tables. Graphs. Formulae. References. | ||
| 650 | _aASSET ALLOCATION | ||
| 650 | _aBONDS | ||
| 650 | _aPROPERTY-COMMERCIAL PROPERTY | ||
| 650 | _aEQUITIES | ||
| 650 | _aINSTITUTIONAL INVESTMENT | ||
| 650 | _aINVESTMENT PROPERTY | ||
| 650 | _aMULTI-ASSET PORTFOLIO | ||
| 650 | _aPROPERTY PERFORMANCE | ||
| 690 | _aPROPERTY-COMMERCIAL PROPERTY-COMMERCIAL PROPERTY FINANCE AND INVESTMENT | ||
| 700 | _aLee, S. | ||
| 942 | _n0 | ||
| 948 | _c04/03/1997 | ||
| 999 |
_c4430 _d4430 |
||